Statistics in geography / (Record no. 2215)

MARC details
000 -LEADER
fixed length control field 00788nam a2200241 a 4500
003 - CONTROL NUMBER IDENTIFIER
control field BD-DhJNU
005 - DATE AND TIME OF LATEST TRANSACTION
control field 20251009045737.0
008 - FIXED-LENGTH DATA ELEMENTS--GENERAL INFORMATION
fixed length control field 850626s1985 enka 001 0 eng
020 ## - INTERNATIONAL STANDARD BOOK NUMBER
International Standard Book Number 0631136886
020 ## - INTERNATIONAL STANDARD BOOK NUMBER
International Standard Book Number 9780631136880
040 ## - CATALOGING SOURCE
Original cataloging agency BD-DhJNU
Language of cataloging ENG
Transcribing agency BD-DhJNU
Modifying agency BD-DhJNU
082 00 - DEWEY DECIMAL CLASSIFICATION NUMBER
Classification number 910.01 EBS
Edition number 23
100 1# - MAIN ENTRY--PERSONAL NAME
Personal name Ebdon, David.
245 10 - TITLE STATEMENT
Title Statistics in geography /
Statement of responsibility, etc. David Ebdon.
250 ## - EDITION STATEMENT
Edition statement 2nd ed., rev. with 17 programs.
260 ## - PUBLICATION, DISTRIBUTION, ETC.
Place of publication, distribution, etc. Oxford [Oxfordshire] ;
-- New York, NY, USA :
Name of publisher, distributor, etc. B. Blackwell,
Date of publication, distribution, etc. 1985.
300 ## - PHYSICAL DESCRIPTION
Extent viii, 232 p. :
Other physical details ill. ;
Dimensions 25 cm.
500 ## - GENERAL NOTE
General note Includes index.
650 #0 - SUBJECT ADDED ENTRY--TOPICAL TERM
Topical term or geographic name entry element Geography
General subdivision Statistical methods.
991 ## -
-- c-GenColl
-- G70.3
-- .E23 1985
-- Copy 1
-- BOOKS
991 ## -
-- r-G&MRR
-- G70.3
-- .E23 1985
-- Copy 999
-- GenBib bi 93-007204
942 ## - ADDED ENTRY ELEMENTS (KOHA)
Koha item type Books
Holdings
Withdrawn status Lost status Source of classification or shelving scheme Damaged status Not for loan Collection Home library Current library Shelving location Date acquired Source of acquisition Total checkouts Full call number Barcode Date last seen Copy number Price effective from Koha item type
    Dewey Decimal Classification     Non-fiction Jagannath University Central Library Jagannath University Central Library General stacks 10/09/2025 Purchased   910.01 EBS JNUCL35878 10/09/2025 1 10/09/2025 Books